00273nam a2200097Ia 4500008004100000100001400041245005000055260003700105300000900142650002400151190216s9999||||xx |||||||||||||| ||und|| aManku G S 0aTheoretical Principles Of Inorganic Chemistry bTata Mcgrawhill Publishersc1984 a563p aChemistry-Chemistry